Tenant's right of first refusal. (Record no. 101204)

MARC details
000 -LEADER
fixed length control field 00914cam a2200229 4500
008 - FIXED-LENGTH DATA ELEMENTS--GENERAL INFORMATION
fixed length control field 000000n2001 000 0 eng u
020 ## - INTERNATIONAL STANDARD BOOK NUMBER
International Standard Book Number 0406911045
035 ## - SYSTEM CONTROL NUMBER
System control number (Sirsi) u111125
050 ## - LIBRARY OF CONGRESS CALL NUMBER
Classification number 346.4104342
100 ## - MAIN ENTRY--PERSONAL NAME
Personal name Radevsky, Anthony
245 ## - TITLE STATEMENT
Title Tenant's right of first refusal.
260 ## - PUBLICATION, DISTRIBUTION, ETC.
Place of publication, distribution, etc. London
Name of publisher, distributor, etc. Butterworths
Date of publication, distribution, etc. 2001
300 ## - PHYSICAL DESCRIPTION
Extent xxii,252p. ; 25cm.
350 ## - PRICE (NR) (BK AM CF MU VM SE) [OBSOLETE]
Price 55.00
520 ## - SUMMARY, ETC.
Summary, etc. A detaled examination of Part 1 of the Landlord and Tenant Act 1987, which gives residential tenants the right of first refusal when the landlord wants to dispose of his interest.
650 ## - SUBJECT ADDED ENTRY--TOPICAL TERM
Topical term or geographic name entry element PROPERTY-RESIDENTIAL PROPERTY-RESIDENTIAL LANDLORD AND TENANT-RESIDENTIAL TENANCIES
650 ## - SUBJECT ADDED ENTRY--TOPICAL TERM
Topical term or geographic name entry element LANDLORD AND TENANT ACT 1987 PART 1
650 ## - SUBJECT ADDED ENTRY--TOPICAL TERM
Topical term or geographic name entry element RIGHT OF FIRST REFUSAL
690 ## - LOCAL SUBJECT ADDED ENTRY--TOPICAL TERM (OCLC, RLIN)
Topical term or geographic name as entry element PROPERTY-RESIDENTIAL PROPERTY-RESIDENTIAL LANDLORD AND TENANT-RESIDENTIAL TENANCIES
700 ## - ADDED ENTRY--PERSONAL NAME
Personal name Clark, Wayne
942 ## - ADDED ENTRY ELEMENTS (KOHA)
Suppress in OPAC 0
Holdings
Withdrawn status Lost status Source of classification or shelving scheme Damaged status Not for loan Home library Current library Shelving location Date acquired Cost, normal purchase price Total Checkouts Full call number Barcode Date last seen Date last checked out Copy number Cost, replacement price Price effective from Koha item type
    Dewey Decimal Classification     London London Books 24/05/2001 55.00 14 346.4104342 RAD 30064306 06/08/2019 06/02/2009 1 55.00 06/08/2019 Book